Rihanna de A à Z - Statistiques

Statistiques générales
  • Ce quiz a été pris 114 fois
  • Le résultat moyen est 9 sur 22
Statistiques - réponses
Lettre Titres % Correct
D Dem Haters/Don't Stop The Music/Disturbia/Drunk on Love/Diamonds/Desperado
83%
W Willing to Wait/We Ride/Wait Your Turn/What's My Name?/Where Have You Been/We Found Love/We All Want Love/Watch n' Learn/What Now/Work/Woo
81%
U Unfaithful/Umbrella
77%
S SOS/Selfish Girl/Shut Up and Drive/Say It/Sell Me Candy/Stupid in Love/S&M/Skin/Stay/Same OI' Mistakes/Sex with Me
76%
R Rush/Rehab/Rockstar 101/Russian Roulette/Rude Boy/Raining Men/Roc Me Out/Right Now
61%
L Let Me/Lemme Get That/Love the Way You Lie/Loveeeeeee Song/Love Without Tragedy/Mother Mary/Lost in Paradise/Love on the Brain
58%
M Music of the Sun/Mad House/Man Down
57%
P Pon de Replay/P.S./Push Up On Me/Photographs/Phresh out the Runway/Pour It Up/Pose
51%
O Only Girl
45%
C Crazy Little Thing Called Love/Cold Case Love/Cheers/California King Bed/Complicated/Cockiness/Consideration/Close to You
39%
N Now I Know/Numb/Nobody's Business/No Love Allowed/Needed Me/Never Ending
39%
T That La, La, La/The Last Time/There's a Thug in My Life/Take a Bow/Te Amo/The Last Song/Talk That Talk
33%
K Kisses Don't Lie/Kiss It Better
27%
B Break It Off/Breakin' Dishes/Birthday Cake
24%
Y You Don't Love Me (No, No, No)/You da One/Yeah, I Said it
22%
J Jump/James Joint
20%
H Here I Go Again/Hate That I Love You/Hard/Higher
19%
G Good Girl Gone Bad/G4L/Get It Over With/Goodnight Gotham
17%
Q Question Existing
12%
F Final Goodbye/Fire Bomb/Fading/Farrewell
11%
I If It's Lovin' That You Want/If I Never See Your Face Again
10%
A A Girl Like Me
5%
Aucun quiz correspondant
Distribution des résultats
% des personnes avec chaque résultat
Percentile par nombre de réponses
Votre historique - résultats
Vous n’avez pas pris ce quiz